000 01064nam a2200241Ia 4500
003 GCL
005 20240530095555.0
008 140319s9999 xx 000 0 ara d
040 _aGCL /
_cGCL
082 0 4 _a937.05
_bم ت
100 1 _aمحمد السيد عبدالغنى
245 1 0 _aالتاريخ السياسى للجمهورية الرومانية :الجزء الاول منذ نشاة روما حتى عام عام 133 ق . م /
_cمحمد السيد عبدالغنى
260 _aالقاهرة :
_bالمكتب الجامعى الحديث ،
_c2005
300 _a493 ص ؛
_c24 سم
650 0 4 _aاباطرة الرومان
650 0 4 _aالامبراطورية الرومانية
650 0 4 _aالامبراطورية الرومانية - تاريخ
650 0 4 _aالعالم القديم - تاريخ
650 0 4 _aالامبراطورية الرومانية - تاريخ - العصر الجمهورى
650 0 4 _aالامبراطورية الرومانية - ايطاليا
650 0 4 _aحرب البونيه
942 _2ddc
_cBK
999 _c8496
_d8496